NBA Player Nicknames - Statistics

General Stats
  • This quiz has been taken 4,553 times
  • The average score is 10 of 15
Answer Stats
Nickname Player % Correct
KD Kevin Durant
95%
Shaq Shaquille O'Neal
95%
Drose Derrick Rose
90%
Dr J Julius Erving
90%
The Dream Hakeem Olajuwon
88%
AI Allen Iverson
82%
Birdman Chris Anderson
73%
The Hick From The French Lick Larry Bird
67%
Air Canada Vince Carter
66%
The Round Mound Of Rebound Charles Barkley
65%
The Human Highlight Reel Dominique Wilkins
54%
Chocolate Thunder Darryl Dawkins
30%
Mr Clutch Jerry West
29%
Air Congo Serge Ibaka
27%
Cap Kareem Abdul Jabbar
24%
No matching quizzes found
Score Distribution
Percent of People with Each Score
Percentile by Number Answered
Your Score History
You have not taken this quiz